Statistiken für Liedtext - Das ist alles von der Kunstfreiheit gedeckt - Danger Dan

Klicken Sie hier um das Quiz zu spielen!

Allgemein

  • Dieses Quiz wurde 193 mal gespielt
  • Das Durchschnittsergebnis liegt bei 353 aus 441

Antwortstatistiken

Textquiz% Korrekt
Der
98%
der
98%
Ist
98%
ist
98%
Das
97%
das
97%
ich
97%
Ich
97%
Alles
96%
alles
96%
gedeckt
96%
Kunstfreiheit
96%
von
96%
an
94%
An
94%
ein
94%
er
91%
Er
91%
Die
90%
die
90%
und
90%
Und
90%
den
88%
Mal
88%
mal
88%
einen
87%
in
87%
In
87%
mich
87%
sei
87%
wie
87%
Dan
86%
dass
86%
Lied
86%
nicht
86%
es
85%
Bogen
84%
Gericht
84%
Ken
84%
schieß'
84%
schriebe
84%
Sekt
84%
vor
84%
wär
84%
war
84%
auf
83%
hat
83%
kann
83%
öffne
83%
zu
83%
angenommen
82%
Angenommen
82%
im
82%
So
82%
Antisemit
81%
dann
81%
Gauland
81%
mit
81%
Zeig
81%
Danger
80%
Doch
80%
doch
80%
ei'm
80%
ganz
80%
man
80%
Man
80%
mir
80%
sie
80%
dem
79%
einem
79%
jetzt
79%
Jürgen
79%
meine
79%
nur
79%
Pfeile
79%
schießen
79%
ihr
78%
mach'
78%
Text
78%
Figur
77%
leicht
77%
Sondern
77%
spekulativ
77%
wieder
77%
damit
76%
dessen
76%
Nationalsozialist
76%
was
76%
Was
76%
wenn
76%
Wenn
76%
auch
75%
Elsässer
75%
sein
75%
spann'n
75%
Sportgerät
75%
Würde
75%
würde
75%
Faschisten
74%
Also
73%
eher
73%
euch
73%
Geschichte
73%
Grauzone
73%
hätte
73%
Inhalt
73%
Recht
73%
rhetorische
73%
Strophe
73%
uns
73%
besänge
72%
erreicht
72%
Gesetz
72%
Glück
72%
hören
72%
Konflikt
72%
Polizei
72%
sagen
72%
erwähnt
71%
gezeigt
71%
Mann
71%
du
70%
Experiment
70%
fände
70%
ihnen
70%
niemals
70%
Reptiloid
70%
wahnsinnig
70%
Welt
70%
wird
70%
befrei'n
69%
ersten
69%
Juristisch
69%
Lust
69%
wirkt
69%
zeigt
69%
Aufruf
68%
glaubt
68%
lächerlicher
68%
musste
68%
zweiten
68%
Band
67%
Behauptet
67%
bezahl'n
67%
dachte
67%
erlaubt
67%
gehört
67%
Gerichtskosten
67%
gipfelte
67%
Grenzen
67%
Nazis
67%
noch
67%
Teil
67%
verboten
67%
Weil
67%
wirklich
67%
angezündet
66%
diskutiert
66%
hab'n
66%
immer
66%
Löcher
66%
meiner
66%
meinte
66%
schon
66%
aufgebaut
65%
gezerrt
65%
höchstpersönlich
65%
ihre
65%
Meinung
65%
Reptilienmenschen
65%
Staat
65%
Anwältin
64%
habt
64%
hier
64%
hoffentlich
64%
Konjunktiv
64%
Militanz
64%
NSU
64%
Verfassungsschutz
64%
auszuloten
63%
erzähl'n
63%
gefesselt
63%
machte
63%
natürlich
63%
vertraut
63%
allen
62%
bewusst
62%
letzte
62%
nöcher
62%
will
62%
bleibt
61%
lieber
61%
Nein
61%
passieren
61%
sich
61%
Kubitschek
60%
beschwert
59%
durchsetzt
59%
Mittel
59%
Polizeiapparat
59%
über
59%
Weg
59%
zurück
59%
sehr
58%
Gewalt
57%
laut
57%
gegen
56%
Jebsen
56%
kannst
56%
ankommen
55%
selbst
55%
streu'n
55%
nutze
54%
Rosen
54%
Zensur
54%
reinzuprügeln
53%
Anstatt
50%
Vielleicht
50%
Jalloh
49%
Oury
47%
friedlich
44%
beschimpft
37%

Verteilung der Resultate

Perzentil nach korrekt beantworteten Fragen

Anzahl Personen mit jedem Resultat

Ihre Resultats-Entwicklung

Sie haben dieses Quiz noch nicht gespielt